000 00451nam a2200193Ia 4500
005 20230327150524.0
008 131103s9999 xx 000 0 und d
020 _cRs.4
040 _aLoreto College
041 _aEnglish
082 _a891.443
_bGHO
100 _aGhosh, Subodh
245 _ajatugreeha
_cSubodh Ghosh
260 _acalcutta
_bPrima Pub.
_c1379
300 _a91p.
650 _aBengali fiction
850 _aLCLIB
942 _cBK
999 _c21559
_d72038